<?xml version="1.0" encoding="UTF-8"?>
<record
    xmlns:xsi="http://www.w3.org/2001/XMLSchema-instance"
    xsi:schemaLocation="http://www.loc.gov/MARC21/slim http://www.loc.gov/standards/marcxml/schema/MARC21slim.xsd"
    xmlns="http://www.loc.gov/MARC21/slim">

  <leader>01085nam0a2200289   4500</leader>
  <controlfield tag="001">RU\NLR\bibl\918746</controlfield>
  <controlfield tag="005">20260406073511.0</controlfield>
  <datafield tag="010" ind1=" " ind2=" ">
    <subfield code="a">5-9731-0031-6</subfield>
    <subfield code="9">30000</subfield>
  </datafield>
  <datafield tag="021" ind1=" " ind2=" ">
    <subfield code="a">RU</subfield>
    <subfield code="b">2005-87407</subfield>
    <subfield code="9">4327</subfield>
  </datafield>
  <datafield tag="035" ind1=" " ind2=" ">
    <subfield code="a">(NLR Aleph) 000907036</subfield>
  </datafield>
  <datafield tag="090" ind1=" " ind2=" ">
    <subfield code="a">22096</subfield>
    <subfield code="c">22096</subfield>
  </datafield>
  <datafield tag="100" ind1=" " ind2=" ">
    <subfield code="a">20060321d2006    |||y0rusy50      ca</subfield>
  </datafield>
  <datafield tag="101" ind1="0" ind2=" ">
    <subfield code="a">rus</subfield>
  </datafield>
  <datafield tag="102" ind1=" " ind2=" ">
    <subfield code="a">RU</subfield>
  </datafield>
  <datafield tag="105" ind1=" " ind2=" ">
    <subfield code="a">y   |||||||||</subfield>
  </datafield>
  <datafield tag="200" ind1="1" ind2=" ">
    <subfield code="a">&#x417;&#x43E;&#x43B;&#x43E;&#x442;&#x43E;&#x439; &#x443;&#x441;. 110 &#x43D;&#x43E;&#x432;&#x44B;&#x445; &#x440;&#x435;&#x446;&#x435;&#x43F;&#x442;&#x43E;&#x432;</subfield>
    <subfield code="f">&#x41F;&#x43E;&#x43A;&#x440;&#x43E;&#x432;&#x441;&#x43A;&#x438;&#x439; &#x411;.</subfield>
  </datafield>
  <datafield tag="210" ind1=" " ind2=" ">
    <subfield code="a">&#x41C;&#x43E;&#x441;&#x43A;&#x432;&#x430;</subfield>
    <subfield code="c">&#x41B;&#x430;&#x434;&#x430;</subfield>
    <subfield code="c">&#x410;&#x421;&#x421;-&#x426;&#x435;&#x43D;&#x442;&#x440;</subfield>
    <subfield code="d">2006</subfield>
  </datafield>
  <datafield tag="215" ind1=" " ind2=" ">
    <subfield code="a">60,[1] &#x441;.</subfield>
    <subfield code="d">20</subfield>
  </datafield>
  <datafield tag="225" ind1="1" ind2=" ">
    <subfield code="a">&#x410;&#x437;&#x431;&#x443;&#x43A;&#x430; &#x437;&#x434;&#x43E;&#x440;&#x43E;&#x432;&#x44C;&#x44F;</subfield>
  </datafield>
  <datafield tag="606" ind1="1" ind2=" ">
    <subfield code="a">&#x41A;&#x430;&#x43B;&#x43B;&#x438;&#x437;&#x438;&#x44F; &#x434;&#x443;&#x448;&#x438;&#x441;&#x442;&#x430;&#x44F;</subfield>
    <subfield code="x">&#x41B;&#x435;&#x447;&#x435;&#x431;&#x43D;&#x43E;&#x435; &#x43F;&#x440;&#x438;&#x43C;&#x435;&#x43D;&#x435;&#x43D;&#x438;&#x435;</subfield>
    <subfield code="9">2346465</subfield>
    <subfield code="3">RU\NLR\auth\661402194</subfield>
  </datafield>
  <datafield tag="686" ind1=" " ind2=" ">
    <subfield code="a">&#x420;282.111 &#x41A;&#x430;&#x43B;&#x43B;&#x438;&#x437;&#x438;&#x44F; &#x434;&#x443;&#x448;&#x438;&#x441;&#x442;&#x430;&#x44F;</subfield>
  </datafield>
  <datafield tag="700" ind1=" " ind2="1">
    <subfield code="4">070</subfield>
    <subfield code="8">rus</subfield>
    <subfield code="7">ca</subfield>
    <subfield code="a">&#x41F;&#x43E;&#x43A;&#x440;&#x43E;&#x432;&#x441;&#x43A;&#x438;&#x439;</subfield>
    <subfield code="b">&#x411;. &#x41D;.</subfield>
    <subfield code="c">&#x441;&#x43F;&#x435;&#x446;&#x438;&#x430;&#x43B;&#x438;&#x441;&#x442; &#x43F;&#x43E; &#x43D;&#x430;&#x440;&#x43E;&#x434;&#x43D;&#x43E;&#x439; &#x43C;&#x435;&#x434;&#x438;&#x446;&#x438;&#x43D;&#x435;</subfield>
    <subfield code="g">&#x411;&#x43E;&#x440;&#x438;&#x441; &#x41D;&#x438;&#x43A;&#x43E;&#x43B;&#x430;&#x435;&#x432;&#x438;&#x447;</subfield>
    <subfield code="3">RU\NLR\auth\7732243</subfield>
    <subfield code="9">15252</subfield>
  </datafield>
  <datafield tag="801" ind1=" " ind2="0">
    <subfield code="a">RU</subfield>
    <subfield code="b">NLR</subfield>
    <subfield code="c">20060321</subfield>
    <subfield code="g">rcr</subfield>
  </datafield>
  <datafield tag="801" ind1=" " ind2="1">
    <subfield code="a">RU</subfield>
    <subfield code="b">NLR</subfield>
    <subfield code="c">20060321</subfield>
  </datafield>
  <datafield tag="942" ind1=" " ind2=" ">
    <subfield code="c">BOOK</subfield>
  </datafield>
  <datafield tag="980" ind1=" " ind2=" ">
    <subfield code="a">NB</subfield>
  </datafield>
  <datafield tag="995" ind1=" " ind2=" ">
    <subfield code="5">2006-03-21</subfield>
    <subfield code="a">ad</subfield>
    <subfield code="b">NLR01</subfield>
    <subfield code="c">NLR01</subfield>
    <subfield code="e">RF3</subfield>
    <subfield code="f">2139167</subfield>
    <subfield code="k">2006-4/5527</subfield>
    <subfield code="o">0</subfield>
    <subfield code="r">BOOK</subfield>
    <subfield code="s">200645527_</subfield>
  </datafield>
  <datafield tag="995" ind1=" " ind2=" ">
    <subfield code="5">2006-03-21</subfield>
    <subfield code="a">ad</subfield>
    <subfield code="b">NLR01</subfield>
    <subfield code="c">NLR01</subfield>
    <subfield code="e">RF3</subfield>
    <subfield code="f">2139168</subfield>
    <subfield code="k">2006-4/5527</subfield>
    <subfield code="o">0</subfield>
    <subfield code="r">BOOK</subfield>
    <subfield code="s">200645527_</subfield>
  </datafield>
</record>
